00310nam a2200145Ia 45000030006000000080041000060400015000471000017000622450025000792500006001042600019001103000006001295460012001350050017001470STCL150530s9999 xx 000 0 und d aSTCLcSTCL aHelen Keller 4aThe Story of My Life a1 c2005aNew York a0 aEnglish20220125171409.0